01002nam a22002772 450000100060000000300080000600500170001400800410003103500350007203500190010704000370012604100080016308200240017110000350019524501040023026000600033430000210039450000970041550400300051265000190054265000120056170000150057370000350058871000420062371000590066575264BD-RjUL20211209082651.0190209s1962 enk bi 001 0 eng d aOCLC ocm03861440 from D970919M a(BD-RjUL)75482 aGPMcGPMdUKMdEQOdBD-RjULbeng aeng04223a632.8bKEC 19621 aKennedy, J. S.q(John Stodart)12aA conspectus of aphids as vectors of plant viruses /cby J. S. Kennedy, M. F. Day and V. F. Eastop. aLondon :bCommonwealth Institute of Entomology,cc1962. a114 p. ;c25 cm. a"Published under the authority of the Executive Council, Commonwealth Agricultural Bureaux." aBibliography: p. 100-114. 0aPlant viruses. 0aAphids.1 aDay, M. F.1 aEastop, V. F.q(Victor Frank).2 aCommonwealth Institute of Entomology.2 aCommonwealth Agricultural Bureaux.bExecutive Council.